Чем могут помочь себе студенты, желающие стать менеджерами?; Прогрессивные технологии и экономика в машиностроении

Библиографические подробности
Источник:Прогрессивные технологии и экономика в машиностроении.— 2009.— С. 190-193
Главный автор: Стрековцова Е. А.
Другие авторы: Жданова О. Н. (научный руководитель)
Язык:русский
Опубликовано: 2009
Предметы:
Формат: Статья
Запись в KOHA:https://koha.lib.tpu.ru/cgi-bin/koha/opac-detail.pl?biblionumber=174898

MARC

LEADER 00000naa2a2200000 4500
001 174898
005 20231031164937.0
035 |a (RuTPU)RU\TPU\book\189656 
090 |a 174898 
100 |a 20100205d2009 k y0rusy50 ca 
101 0 |a rus 
102 |a RU 
200 1 |a Чем могут помочь себе студенты, желающие стать менеджерами?  |f Е. А. Стрековцова  |g науч. рук. О. Н. Жданова 
320 |a Библиогр.: 5 назв. 
463 0 |0 (RuTPU)RU\TPU\book\182778  |t Прогрессивные технологии и экономика в машиностроении  |o труды XIII региональной научно-практической конференции студентов и учащейся молодежи , 9-10 апреля 2009 г., Юрга  |f Томский политехнический университет (ТПУ), Юргинский технологический институт (ЮТИ) ; Прогрессивные технологии и экономика в машиностроении ; отв. за вып. Д. А. Чинахов  |v С. 190-193  |d 2009  |p 357 с. 
610 1 |a студенты 
610 1 |a менеджеры 
610 1 |a обучение 
610 1 |a руководители 
610 1 |a женщины 
610 1 |a профессионализм 
610 1 |a труды учёных ТПУ 
700 1 |a Стрековцова  |b Е. А. 
702 1 |a Жданова  |b О. Н.  |4 727 
801 1 |a RU  |b 63413507  |c 20100205 
942 |c BK